MARC details
| 000 -CABECERA |
| campo de control de longitud fija |
01754nam a2200229 a 4500 |
| 001 - NÚMERO DE CONTROL |
| campo de control |
000039704 |
| 005 - FECHA Y HORA DE LA ÚLTIMA TRANSACCIÓN |
| campo de control |
20201002033705.0 |
| 008 - DATOS DE LONGITUD FIJA--INFORMACIÓN GENERAL |
| campo de control de longitud fija |
130716s1968 sp 000 f spa d |
| 040 ## - FUENTE DE LA CATALOGACIÓN |
| Centro catalogador/agencia de origen |
DO-SdBNP |
| Lengua de catalogación |
spa |
| Centro/agencia transcriptor |
BNPHU |
| 082 ## - NÚMERO DE LA CLASIFICACIÓN DECIMAL DEWEY |
| Número de clasificación |
808.831 |
| Número de documento/Ítem |
A634m, 1968 |
| 245 00 - MENCIÓN DE TÍTULO |
| Título |
Antología de las mejores novelas policíacas / |
| Mención de responsabilidad, etc. |
selección José A. Llorens ; prólogo Enrique Sordo. |
| 250 ## - MENCIÓN DE EDICIÓN |
| Mención de edición |
8a ed. |
| 260 ## - PUBLICACIÓN, DISTRIBUCIÓN, ETC. |
| Lugar de publicación, distribución, etc. |
Barcelona : |
| Nombre del editor, distribuidor, etc. |
Ediciones Acervo, |
| Fecha de publicación, distribución, etc. |
1968. |
| 300 ## - DESCRIPCIÓN FÍSICA |
| Extensión |
v. ; |
| Dimensiones |
20 cm. |
| 500 ## - NOTA GENERAL |
| Nota general |
La biblioteca posee el v.8 |
| 505 0# - NOTA DE CONTENIDO CON FORMATO |
| Título |
Los asesinos de la calle Morgue / |
| Mención de responsabilidad |
Edgar A. Poe -- |
| Título |
El velo negro / |
| Mención de responsabilidad |
Charles Dickens -- |
| Título |
La mano / |
| Mención de responsabilidad |
Guy de Maupassant -- |
| Título |
El ritual de los Musgrave / |
| Mención de responsabilidad |
Conan Doyle -- |
| Título |
Las manos del señor Ottermole / |
| Mención de responsabilidad |
Thomas Burke -- |
| Título |
Pisadas extrañas / |
| Mención de responsabilidad |
G. K. Chesterton -- |
| Título |
La caída de Mr. Reader / |
| Mención de responsabilidad |
Edgar Wallace -- |
| Título |
Villa Filomela / |
| Mención de responsabilidad |
Agatha Christie -- |
| Título |
El juez corrobora / |
| Mención de responsabilidad |
J. S. Fletcher -- |
| Título |
Sangre de actor / |
| Mención de responsabilidad |
Ben Hecht -- |
| Título |
El cuadro de Greuze / |
| Mención de responsabilidad |
Freeman Willis Crofts -- |
| Título |
El hombre de los dos sacos / |
| Mención de responsabilidad |
E. Phillips Oppenheim -- |
| Título |
¿Sigue mi camino? / |
| Mención de responsabilidad |
George Harmon Coxe -- |
| Título |
El simulador / |
| Mención de responsabilidad |
Stuart Plamer -- |
| Título |
El caballo de París / |
| Mención de responsabilidad |
Jhon Dickson Carr -- |
| Título |
Bajo pena de muerte / |
| Mención de responsabilidad |
Georges Simenon -- |
| Título |
Las dos botellas de salsa / |
| Mención de responsabilidad |
Lord Dunsany -- |
| Título |
La aventura de la acróbata colgante / |
| Mención de responsabilidad |
Ellery Queen -- |
| Título |
Crimen imperfecto / |
| Mención de responsabilidad |
I. Covarrubias -- |
| Título |
Gay Falcón / |
| Mención de responsabilidad |
Michael Arlen -- |
| Título |
El asesino viajaba en el mismo tren/ |
| Mención de responsabilidad |
David Savage -- |
| Título |
Los cuatro amigos del doctor / |
| Mención de responsabilidad |
George Joseph -- |
| Título |
Papá Benjamin / |
| Mención de responsabilidad |
William Iris |
| 650 #4 - PUNTO DE ACCESO ADICIONAL DE MATERIA--TÉRMINO DE MATERIA |
| Término de materia o nombre geográfico como elemento de entrada |
Novela policíaca |
| Subdivisión general |
Colecciones |
| 9 (RLIN) |
50055 |
| 650 #4 - PUNTO DE ACCESO ADICIONAL DE MATERIA--TÉRMINO DE MATERIA |
| Término de materia o nombre geográfico como elemento de entrada |
Literatura |
| Subdivisión general |
Colecciones |
| 9 (RLIN) |
40253 |
| 700 12 - PUNTO DE ACCESO ADICIONAL--NOMBRE DE PERSONA |
| Nombre de persona |
Llorens, José A. |
| 9 (RLIN) |
4194 |
| 700 12 - PUNTO DE ACCESO ADICIONAL--NOMBRE DE PERSONA |
| Nombre de persona |
Sordo, Enrique, |
| Término indicativo de función/relación |
pról. |
| 9 (RLIN) |
4033 |
| 910 ## - DATOS DE OPCIÓN DEL USUARIO (OCLC) |
| Datos de opción del usuario |
Validado. Control de calidad MFF |